[Event "Izmailov Memorial op 13th"]
[Site "Tomsk"]
[Date "2009.06.30"]
[Round "7"]
[White "Zenzera, Alexey"]
[Black "Gankin, Stanislav"]
[Result "0-1"]
[WhiteElo "2085"]
[BlackElo "2283"]
[PlyCount "146"]
[EventDate "2009.06.24"]
[EventType "swiss"]
[EventRounds "9"]
[EventCountry "RUS"]
[SourceTitle "EXT 2010"]
[Source "ChessBase"]
[SourceDate "2010.11.25"]
[SourceVersion "1"]
[SourceVersionDate "2010.11.25"]
[SourceQuality "1"]

1. c4 e5 2. Nc3 Nf6 3. d3 Bb4 4. g3 0-0 5. Bg2 Re8 6. Qc2 Nc6 7. Nf3 Nd4 8. Nxd4 exd4 9. a3 Bf8 10. Ne4 Nxe4 11. dxe4 g6 12. 0-0 d6 13. e3 dxe3 14. Bxe3 b6 15. Rad1 Bb7 16. Rfe1 Bg7 17. Bd4 Bxd4 18. Rxd4 a5 19. b3 Qc8 20. Rd2 Qg4 21. Rde2 Re7 22. Re3 Rae8 23. Qe2 Qg5 24. Qd3 Qc5 25. a4 Ba8 26. Qc3 Re6 27. R1e2 Re5 28. Qd3 R5e6 29. Qc3 Qg5 30. Qd4 Qe7 31. Re1 Bc6 32. Bh3 Re5 33. Bg2 f6 34. h4 Kg7 35. Kh2 Rh5 36. Bf3 Qe5 37. Qxe5 Rhxe5 38. Bg2 R5e6 39. Kg1 Kf7 40. Kf1 R6e7 41. R1e2 Bd7 42. f4 Bc6 43. Kf2 f5 44. e5 Bxg2 45. Kxg2 dxe5 46. fxe5 Rd8 47. Kf3 Rd4 48. Rc2 c5 49. Rce2 Ke6 50. Kf2 Red7 51. Kf3 Rd8 52. Re1 Rg4 53. R1e2 Rd1 54. Re1 Rxe1 55. Rxe1 Rd4 56. Re3 h6 57. Kf2 Re4 58. Rd3 Kxe5 59. Rd7 Rd4 60. Rb7 Rd6 61. Ke3 g5 62. hxg5 hxg5 63. Re7+ Re6 64. Rd7 Kf6+ 65. Kf3 Kg6 66. Rd8 Kf6 67. Rd7 g4+ 68. Kf2 Ke5 69. Ke3 f4+ 70. gxf4+ Kf5+ 71. Kf2 Kxf4 72. Rd3 Rh6 73. Kg2 Rh3 0-1

[Event "Izmailov Memorial op 13th"]
[Site "Tomsk"]
[Date "2009.06.25"]
[Round "2"]
[White "Gankin, Stanislav"]
[Black "Chuprov, Dmitry"]
[Result "0-1"]
[WhiteElo "2283"]
[BlackElo "2561"]
[PlyCount "55"]
[EventDate "2009.06.24"]
[EventType "swiss"]
[EventRounds "9"]
[EventCountry "RUS"]
[SourceTitle "EXT 2010"]
[Source "ChessBase"]
[SourceDate "2010.11.25"]
[SourceVersion "1"]
[SourceVersionDate "2010.11.25"]
[SourceQuality "1"]

1. e4 e5 2. Nf3 Nc6 3. Bc4 Nf6 4. d3 h6 5. c3 d6 6. Nbd2 g6 7. Nf1 Bg7 8. Ng3 0-0 9. Bb3 d5 10. Qe2 Be6 11. 0-0 Re8 12. Rd1 Qd6 13. h3 Nd7 14. Nh2 Nc5 15. Bc2 a5 16. Ng4 Bxg4 17. Qxg4 d4 18. Ne2 a4 19. Rb1 b5 20. cxd4 exd4 21. b4 axb3 22. Bxb3 Nxb3 23. axb3 Nb4 24. Bf4 Qf6 25. Qg3 c5 26. Nc1 Qe6 27. Bd2 Na2 28. Qg4 0-1

[Event "Izmailov Memorial op 13th"]
[Site "Tomsk"]
[Date "2009.06.24"]
[Round "1"]
[White "Chernikov, Vladislav"]
[Black "Gankin, Stanislav"]
[Result "0-1"]
[WhiteElo "1924"]
[BlackElo "2283"]
[PlyCount "94"]
[EventDate "2009.06.24"]
[EventType "swiss"]
[EventRounds "9"]
[EventCountry "RUS"]
[SourceTitle "EXT 2010"]
[Source "ChessBase"]
[SourceDate "2010.11.25"]
[SourceVersion "1"]
[SourceVersionDate "2010.11.25"]
[SourceQuality "1"]

1. e4 e5 2. Nf3 Nc6 3. Bb5 a6 4. Ba4 Nf6 5. 0-0 Be7 6. Re1 b5 7. Bb3 d6 8. h3 Na5 9. c3 Nxb3 10. Qxb3 0-0 11. d4 Bb7 12. Qc2 Re8 13. a4 Bf8 14. d5 c6 15. dxc6 Bxc6 16. axb5 axb5 17. Rxa8 Qxa8 18. Nbd2 g6 19. b3 Bh6 20. Bb2 Nd7 21. c4 b4 22. Qd3 Re6 23. Ra1 Qb7 24. Re1 Nc5 25. Qc2 Rf6 26. Bc1 Re6 27. Bb2 Re8 28. Qb1 Bf4 29. Re2 Rf8 30. Qc2 Bh6 31. Kh2 Ne6 32. Kg1 Nc5 33. Kh2 f5 34. exf5 gxf5 35. Ne1 e4 36. g3 Be8 37. f3 Bh5 38. g4 exf3 39. Ndxf3 fxg4 40. hxg4 Bg6 41. Qd1 Nd3 42. Bd4 Nxe1 43. Nxe1 Rf1 44. g5 Qh1+ 45. Kg3 Bxg5 46. Be3 Bh4+ 47. Kg4 h5# 0-1

[Event "Moscow op-B"]
[Site "Moscow"]
[Date "2009.02.01"]
[Round "2"]
[White "Gankin, Stanislav"]
[Black "Gevondian, Arman"]
[Result "1-0"]
[WhiteElo "2275"]
[BlackElo "2081"]
[PlyCount "47"]
[EventDate "2009.01.31"]
[EventType "swiss"]
[EventRounds "9"]
[EventCountry "RUS"]
[SourceTitle "EXT 2012"]
[Source "ChessBase"]
[SourceDate "2011.11.24"]
[SourceVersion "1"]
[SourceVersionDate "2011.11.24"]
[SourceQuality "1"]

1. e4 e5 2. Bc4 Nf6 3. Nc3 Nxe4 4. Qh5 Nd6 5. Bb3 Nc6 6. Nb5 g6 7. Qf3 f5 8. Qd5 Qe7 9. Nxc7+ Kd8 10. Nxa8 b6 11. d3 Bb7 12. Qf3 Nd4 13. Qh3 e4 14. Be3 exd3 15. 0-0-0 Nxb3+ 16. cxb3 Bxa8 17. Nf3 Qe4 18. Rhe1 Qc6+ 19. Kb1 Qc2+ 20. Ka1 Bxf3 21. Bg5+ Kc8 22. Rc1 Be4 23. Rxc2+ dxc2 24. Qc3+ 1-0

[Event "Moscow op-B"]
[Site "Moscow"]
[Date "2009.02.01"]
[Round "3"]
[White "Kapov, Albert"]
[Black "Gankin, Stanislav"]
[Result "1-0"]
[WhiteElo "2176"]
[BlackElo "2275"]
[PlyCount "95"]
[EventDate "2009.01.31"]
[EventType "swiss"]
[EventRounds "9"]
[EventCountry "RUS"]
[SourceTitle "EXT 2012"]
[Source "ChessBase"]
[SourceDate "2011.11.24"]
[SourceVersion "1"]
[SourceVersionDate "2011.11.24"]
[SourceQuality "1"]

1. e4 e6 2. d4 d5 3. e5 c5 4. c3 Nc6 5. Nf3 Bd7 6. a3 c4 7. Nbd2 Na5 8. h4 Bc6 9. g3 Qd7 10. Bh3 Ba4 11. Qe2 Qc6 12. 0-0 Bc2 13. Ne1 Qa4 14. Bg4 Bf5 15. Bxf5 exf5 16. Ng2 Ne7 17. Nf3 Nb3 18. Rb1 Nxc1 19. Rfxc1 g6 20. Nf4 Bh6 21. Ng5 0-0 22. Re1 Qc6 23. Qf3 Rfe8 24. Re2 b5 25. Kg2 a5 26. Rh1 Rab8 27. e6 f6 28. Nf7 Kg7 29. Nxh6 Kxh6 30. g4 fxg4 31. Qxg4 Rf8 32. Rg1 Kg7 33. h5 g5 34. h6+ Kh8 35. Kh1 Rg8 36. Nh3 Rg6 37. f4 Rxh6 38. fxg5 fxg5 39. Rh2 Rg8 40. Nxg5 Rxh2+ 41. Kxh2 Qc7+ 42. Kh1 Ng6 43. Rf1 Rg7 44. Qf5 Qe7 45. Qxd5 h6 46. Nf7+ Kh7 47. Qh5 Qxe6 48. Ng5+ 1-0

[Event "Tomsk-ch"]
[Site "Tomsk"]
[Date "2008.12.??"]
[Round "6"]
[White "Kartashov, Dmitry"]
[Black "Gankin, Stanislav"]
[Result "1-0"]
[WhiteElo "2221"]
[BlackElo "2275"]
[PlyCount "83"]
[EventDate "2008.12.15"]
[EventType "tourn"]
[EventRounds "9"]
[EventCountry "RUS"]
[SourceTitle "EXT 2022"]
[Source "ChessBase"]
[SourceDate "2021.10.06"]
[SourceVersion "1"]
[SourceVersionDate "2021.10.06"]
[SourceQuality "1"]

1. d4 d5 2. c4 c6 3. Nc3 Nf6 4. Nf3 e6 5. Bg5 Nbd7 6. e3 Qa5 7. Nd2 dxc4 8. Bxf6 Nxf6 9. Nxc4 Qd8 10. Be2 Be7 11. 0-0 0-0 12. Qc2 b5 13. Ne5 Bb7 14. Bf3 Rc8 15. Rac1 Bd6 16. Rfd1 Qe7 17. Ne4 Nxe4 18. Bxe4 f5 19. Bf3 c5 20. Qb3 Rb8 21. Bxb7 Bxe5 22. dxe5 Rxb7 23. Rd6 c4 24. Qd1 Rc8 25. Qd4 Rbc7 26. a3 h6 27. f4 a5 28. Qc3 Ra7 29. Rcd1 Rcc7 30. h3 Kf7 31. R1d4 Qe8 32. Kh2 Qb8 33. Qc2 Qc8 34. e4 fxe4 35. Qxe4 g6 36. Rd8 Qb7 37. Qe1 Kg7 38. f5 Ra8 39. fxe6 h5 40. R4d7+ Kh6 41. Qd2+ g5 42. h4 1-0